| 000 | 00965nam0a22002411 4500 | ||
|---|---|---|---|
| 001 | rc\2584476 | ||
| 005 | 20250623121200.0 | ||
| 035 | _a(NLR Aleph) 006748886 | ||
| 090 |
_a5723400 _c5723399 |
||
| 100 | _a20110914d1929 |||y0rusy50 ca | ||
| 101 | 0 | _arus | |
| 102 | _aRU | ||
| 105 | _aae z ||||| | ||
| 200 | 1 |
_aМатематика _eДля учащихся городских начальных общеобразовательных школ взрослых и для преподавателей школ грамоты... _fС. Анцыферов |
|
| 210 |
_aМосква _aЛенинград _cГос. изд-во _d1929 _eМосква _g1-я Образцовая тип. |
||
| 215 |
_a208 с. _cил., черт., диагр., план. _d24х16 см. |
||
| 700 | 1 |
_aАнцыферов _bС.С. _gСергей Сергеевич |
|
| 801 | 0 |
_aRU _bNLR _gpsbo |
|
| 801 | 1 |
_aRU _bELAR _2rusmarc |
|
| 852 |
_aNLR _j79/495 |
||
| 942 | _cBOOK | ||
| 980 | _aNB | ||